[Event "World Rapid 2022"]
[Site "Almaty KAZ"]
[Date "2022.12.26"]
[Round "2.26"]
[White "Bluebaum, Matthias"]
[Black "Muradli, Mahammad"]
[Result "1-0"]
[WhiteTitle "GM"]
[BlackTitle "GM"]
[WhiteElo "2657"]
[BlackElo "2540"]
[WhiteFideId "24651516"]
[BlackFideId "13409301"]
[EventDate "2022.12.26"]

1. d4 Nf6 2. c4 e6 3. Nc3 Bb4 4. e3 O-O 5. Bd2 d5 6. Nf3 b6 7. cxd5 exd5 8. Rc1
Bb7 9. Bd3 a6 10. O-O Nbd7 11. Ne5 Nxe5 12. dxe5 Bxc3 13. Bxc3 Ne4 14. f4 c5 15.
Bxe4 dxe4 16. Qg4 Qc7 17. f5 Kh8 18. Rcd1 f6 19. Rd6 Rf7 20. Rfd1 fxe5 21. Bxe5
Raf8 22. f6 Kg8 23. Rd7 Qc8 24. Qxg7+ 1-0

[Event "World Rapid 2022"]
[Site "Almaty KAZ"]
[Date "2022.12.26"]
[Round "2.27"]
[White "Utegaliyev, Azamat"]
[Black "Gareyev, Timur"]
[Result "1/2-1/2"]
[BlackTitle "GM"]
[WhiteElo "2445"]
[BlackElo "2602"]
[WhiteFideId "13702467"]
[BlackFideId "14200937"]
[EventDate "2022.12.26"]

1. e4 c5 2. Nc3 e6 3. Nge2 a6 4. g3 b5 5. Bg2 Bb7 6. O-O b4 7. Na4 Nf6 8. d3 d6
9. f4 Bc6 10. b3 Be7 11. h3 O-O 12. g4 d5 13. g5 Nh5 14. Bf3 g6 15. Bxh5 gxh5
16. e5 h4 17. Qe1 d4 18. Qxh4 Qd5 19. Qg4 Nd7 20. Nb2 Kh8 21. Nc4 f6 22. exf6
Nxf6 23. Qg3 Nh5 24. Qh2 Rae8 25. Bd2 Rf5 26. h4 Rg8 27. Nb6 Qd8 28. Nc4 Qd5 29.
Nb6 Qd8 30. Nc4 Qd5 31. Nb6 1/2-1/2

[Event "World Rapid 2022"]
[Site "Almaty KAZ"]
[Date "2022.12.26"]
[Round "2.28"]
[White "Shimanov, Aleksandr"]
[Black "Uskov, Artem"]
[Result "1-0"]
[WhiteTitle "GM"]
[BlackTitle "FM"]
[WhiteElo "2581"]
[BlackElo "2376"]
[WhiteFideId "4198603"]
[BlackFideId "34254854"]
[EventDate "2022.12.26"]

1. e4 e5 2. Nf3 Nc6 3. Nc3 Nf6 4. h3 d5 5. exd5 Nxd5 6. Bb5 Nxc3 7. bxc3 Bd6 8.
O-O O-O 9. Re1 Re8 10. d4 exd4 11. Rxe8+ Qxe8 12. cxd4 Bd7 13. Bf1 Ne7 1-0

[Event "World Rapid 2022"]
[Site "Almaty KAZ"]
[Date "2022.12.26"]
[Round "2.29"]
[White "Sankalp, Gupta"]
[Black "Paravyan, David"]
[Result "1/2-1/2"]
[WhiteTitle "GM"]
[BlackTitle "GM"]
[WhiteElo "2485"]
[BlackElo "2586"]
[WhiteFideId "5097010"]
[BlackFideId "4194985"]
[EventDate "2022.12.26"]

1. e4 e5 2. Nf3 Nf6 3. Nxe5 d6 4. Nf3 Nxe4 5. d4 d5 6. Bd3 Bd6 7. O-O O-O 8. c4
c6 9. Qc2 h6 10. Re1 Be6 11. cxd5 cxd5 12. Bxe4 dxe4 13. Qxe4 Bd5 14. Qg4 Qd7
15. Qxd7 Nxd7 16. Nc3 Bxf3 17. gxf3 f5 18. Bd2 Nb6 19. Nb5 Rf6 20. Nxd6 Rxd6 21.
Re7 Rxd4 22. Bc3 Rd7 23. Rae1 Rad8 24. R7e5 Rf7 25. Re8+ Rxe8 26. Rxe8+ Kh7 27.
Bd4 Nd5 28. Bxa7 Rc7 29. Re1 Rc2 30. Bd4 Rd2 31. Be5 g5 32. Kf1 Kg6 33. Rc1 Nf4
34. Bxf4 gxf4 35. b4 Rxa2 36. Rc7 Ra1+ 37. Kg2 b6 38. Rc6+ Kg5 39. Rxb6 h5 40.
b5 Rb1 41. Rb8 Kh4 42. b6 Rb3 43. Rb7 Rb1 44. Rb8 Rb3 45. Rf8 Rxb6 46. Rxf5 Rg6+
47. Kf1 Rh6 48. Kg2 Rg6+ 49. Kf1 Rh6 50. Kg2 1/2-1/2

[Event "World Rapid 2022"]
[Site "Almaty KAZ"]
[Date "2022.12.26"]
[Round "2.30"]
[White "Damjanovic, Vuk"]
[Black "Donchenko, Alexander"]
[Result "0-1"]
[WhiteTitle "FM"]
[BlackTitle "GM"]
[WhiteElo "2361"]
[BlackElo "2636"]
[WhiteFideId "980021"]
[BlackFideId "24603295"]
[EventDate "2022.12.26"]

1. d4 Nf6 2. Nf3 d5 3. c4 e6 4. Nc3 Bb4 5. Bg5 dxc4 6. e4 h6 7. Bxf6 Qxf6 8.
Bxc4 c5 9. O-O cxd4 10. e5 Qd8 11. Ne4 O-O 12. a3 Be7 13. Qe2 Nd7 14. Rfd1 Qb6
15. Rac1 Rd8 16. Bd3 Nf8 17. Ng3 Bd7 18. h4 Rac8 19. Nh5 a6 20. g3 Rxc1 21. Rxc1
Bb5 22. Bxb5 axb5 23. Qe4 b4 24. axb4 Qxb4 25. Qg4 Ng6 26. Qe4 d3 27. Qxb4 Bxb4
28. Kf1 Rd5 29. Nf4 Nxf4 30. gxf4 h5 31. Rd1 Kh7 32. Kg2 Kg6 33. Ng5 d2 34. Kf3
Rc5 35. Ne4 Rc1 36. Ke2 Kf5 37. Nd6+ Kxf4 38. Nxf7 b6 39. b3 Bc3 40. Nd6 g6 41.
Nc4 b5 42. Nd6 b4 43. Nf7 Kg4 44. Ng5 Kxh4 45. Nxe6 Kg4 46. Nf8 h4 47. e6 Rxd1
48. Kxd1 h3 49. e7 h2 0-1

[Event "World Rapid 2022"]
[Site "Almaty KAZ"]
[Date "2022.12.26"]
[Round "2.31"]
[White "Korelskiy, Egor"]
[Black "Sindarov, Javokhir"]
[Result "0-1"]
[WhiteTitle "FM"]
[BlackTitle "GM"]
[WhiteElo "2153"]
[BlackElo "2654"]
[WhiteFideId "34329064"]
[BlackFideId "14205483"]
[EventDate "2022.12.26"]

1. e4 e5 2. Nf3 Nc6 3. Bb5 a6 4. Ba4 Nf6 5. O-O Bc5 6. c3 b5 7. Bc2 d6 8. d4 Bb6
9. h3 O-O 10. Re1 Bb7 11. Be3 exd4 12. cxd4 Nb4 13. Nbd2 Nxc2 14. Qxc2 Rc8 15.
Rad1 Re8 16. d5 c6 17. Bxb6 Qxb6 18. dxc6 Bxc6 19. Qd3 Bb7 20. Nd4 g6 21. N4f3
Kg7 22. Re3 Re7 23. Rde1 d5 24. e5 Ne4 25. Nb3 b4 26. Qd4 Qb5 27. Qd1 a5 28.
Nbd4 Qb6 29. Qa4 Rc4 30. Qd1 Rec7 31. b3 Rc3 32. Qa1 Ba6 33. Qb2 Kg8 34. a4 Rc8
35. Qa1 Qa7 36. Qb2 Qe7 37. Qa1 R8c5 38. Qb2 Qe8 39. Qa1 Qd7 40. Qb2 Qc8 41. Qa1
Rxe3 42. fxe3 Rc3 43. Qd1 Qe8 44. Qa1 Qe7 45. Qd1 Nc5 46. Nb5 Rd3 47. Qc2 Rxb3
48. Nfd4 Rd3 49. Nc6 Qh4 50. Rf1 Bxb5 51. Qxc5 Bxc6 52. Qxc6 Qe7 53. Qa8+ Kg7
54. Qxa5 Rd2 55. Qb6 Qxe5 56. Qxb4 Qxe3+ 57. Kh1 Qe2 58. Rg1 Rd3 59. a5 d4 60.
Qb7 Ra3 61. Qb4 Qd3 62. Qb6 Qe4 63. Kh2 Qe5+ 64. Kh1 Rxa5 65. Rf1 Rd5 66. Qb7
Qe6 67. Qb2 h5 68. Qa1 Rd7 69. Re1 Qd6 70. Rd1 Kh7 71. Rd3 Qe5 72. Qa4 Rd6 73.
Qa7 Rf6 74. Qa1 Rd6 75. Qa7 Kg7 76. Qa1 Qe4 77. Qd1 h4 78. Qd2 Qe5 79. Qd1 Rd5
80. Qa1 Qe4 81. Qd1 Rg5 82. Qd2 Rg3 83. Rxd4 Rxh3+ 84. Kg1 Qb1+ 85. Kf2 Rh1 86.
Rb4 Qf1+ 87. Ke3 h3 88. Rf4 Qe1+ 89. Qxe1 Rxe1+ 90. Kf2 h2 0-1

[Event "World Rapid 2022"]
[Site "Almaty KAZ"]
[Date "2022.12.26"]
[Round "2.33"]
[White "Khusenkhojaev, Mustafokhuja"]
[Black "Najer, Evgeniy"]
[Result "1/2-1/2"]
[BlackTitle "GM"]
[WhiteElo "2265"]
[BlackElo "2662"]
[WhiteFideId "14700727"]
[BlackFideId "4118987"]
[EventDate "2022.12.26"]

1. d4 Nf6 2. c4 e6 3. g3 d5 4. Nf3 Bb4+ 5. Bd2 a5 6. Bg2 O-O 7. Qc2 c5 8. cxd5
cxd4 9. Nxd4 Qb6 10. e3 exd5 11. O-O Nc6 12. Nxc6 bxc6 13. Rc1 Rb8 14. Nc3 Bd7
15. Na4 Qa7 16. Bc3 Bxc3 17. Nxc3 Rfc8 18. b3 Be6 19. Ne2 c5 20. Nf4 c4 21. bxc4
dxc4 22. Nxe6 fxe6 23. Bh3 Kf7 24. Qc3 Rc6 25. Bg2 Rc7 26. Rd1 Qc5 27. Rac1 Rb4
28. Rd4 e5 29. Rd2 Ra4 30. Rdc2 Ra3 31. Qxc4+ Qxc4 32. Rxc4 Rxc4 33. Rxc4 Rxa2
34. Rc7+ Kg6 35. h3 a4 36. g4 a3 37. Ra7 h5 38. gxh5+ Nxh5 39. Be4+ Kh6 40. Kg2
Nf6 41. Kf3 Nxe4 42. Kxe4 Rxf2 43. Rxa3 Rh2 44. Kxe5 Rxh3 1/2-1/2

[Event "World Rapid 2022"]
[Site "Almaty KAZ"]
[Date "2022.12.26"]
[Round "2.35"]
[White "Vachier-Lagrave, Maxime"]
[Black "Tabatabaei, M. Amin"]
[Result "1/2-1/2"]
[WhiteTitle "GM"]
[BlackTitle "GM"]
[WhiteElo "2737"]
[BlackElo "2660"]
[WhiteFideId "623539"]
[BlackFideId "12521213"]
[EventDate "2022.12.26"]

1. e4 e5 2. Nf3 Nc6 3. Bb5 a6 4. Ba4 Nf6 5. O-O Nxe4 6. d4 b5 7. Bb3 d5 8. dxe5
Be6 9. c3 Bc5 10. Nbd2 O-O 11. Bc2 Nxf2 12. Rxf2 Bxf2+ 13. Kxf2 f6 14. Nf1 fxe5
15. Kg1 Bg4 16. Ne3 Be6 17. b3 d4 18. cxd4 Nxd4 19. Nxd4 Qxd4 20. Rb1 Rad8 21.
Qe1 Bf5 22. Rb2 Bd3 23. Bxd3 Qxd3 24. h3 Rd4 25. Rc2 Rf7 26. Kh2 h6 27. Qg3 Qe4
28. Rc5 Qf4 29. Ng4 Qxg3+ 30. Kxg3 h5 31. Nxe5 h4+ 32. Kh2 Rf1 33. Bg5 Rf5 34.
Be3 Re4 35. Nc6 Rf1 36. Rc3 Ra1 37. a4 bxa4 38. bxa4 Raxa4 39. Bg5 Ra2 40. Be3
a5 41. Nd4 a4 42. Nf3 a3 43. Bc5 Ra4 44. Ng5 Ra8 45. Rd3 Rc2 46. Bxa3 c5 47. Rd5
Rc8 48. Re5 Rc3 49. Bb2 Rc2 50. Ba1 Rc1 51. Bb2 Rc2 52. Ba1 1/2-1/2

[Event "World Rapid 2022"]
[Site "Almaty KAZ"]
[Date "2022.12.26"]
[Round "2.36"]
[White "Grischuk, Alexander"]
[Black "Petrov, Nikita"]
[Result "1/2-1/2"]
[WhiteTitle "GM"]
[BlackTitle "GM"]
[WhiteElo "2745"]
[BlackElo "2537"]
[WhiteFideId "4126025"]
[BlackFideId "4101286"]
[EventDate "2022.12.26"]

1. e4 e5 2. Nf3 Nc6 3. Bb5 a6 4. Ba4 Bc5 5. O-O d6 6. c3 Bg4 7. h3 Bh5 8. d3 Ne7
9. Nbd2 O-O 10. g4 Bg6 11. Nh4 Kh8 12. Ndf3 d5 13. Qe2 f6 14. Nxg6+ Nxg6 15. Bd2
Qd6 16. Rad1 b5 17. Bb3 d4 18. Bd5 Rad8 19. Bxc6 Qxc6 20. cxd4 Bxd4 21. Rc1 Qe6
22. Nxd4 Rxd4 23. Be3 Rd7 24. a3 Rfd8 25. Rc3 h6 26. Rfc1 c5 27. Kh2 b4 28. Rxc5
bxa3 29. bxa3 Rxd3 30. R1c3 Rxc3 31. Rxc3 Rc8 32. Rxc8+ Qxc8 33. Kg3 Qc6 34. Qd3
Kh7 35. h4 Ne7 36. h5 Qa4 37. Bc5 Nc6 38. Qd5 Nd4 39. Bxd4 exd4 40. Qf5+ Kh8 41.
Qc8+ Kh7 42. Qf5+ Kh8 1/2-1/2

[Event "World Rapid 2022"]
[Site "Almaty KAZ"]
[Date "2022.12.26"]
[Round "2.37"]
[White "Mamedyarov, Shakhriyar"]
[Black "Yilmaz, Mustafa"]
[Result "1-0"]
[WhiteTitle "GM"]
[BlackTitle "GM"]
[WhiteElo "2740"]
[BlackElo "2617"]
[WhiteFideId "13401319"]
[BlackFideId "6302718"]
[EventDate "2022.12.26"]

1. d4 Nf6 2. c4 e6 3. Nc3 Bb4 4. g3 O-O 5. Bg2 d5 6. Nf3 dxc4 7. O-O Nc6 8. Re1
Rb8 9. a3 Be7 10. Qa4 Nxd4 11. Nxd4 Qxd4 12. Be3 Qe5 13. Red1 Bc5 14. Bf4 Qh5
15. Bf3 Ng4 16. Bxg4 Qxg4 17. Bxc7 b5 18. Qc2 Rb7 19. Bd6 Bxd6 20. Rxd6 Qh5 21.
Qe4 Qc5 22. Rad1 Rb8 23. Rc6 Qf5 24. Qe3 b4 25. Qxa7 bxc3 26. Qxb8 Bd7 27. Rb6
cxb2 28. Rxd7 c3 29. Qxf8+ 1-0

[Event "World Rapid 2022"]
[Site "Almaty KAZ"]
[Date "2022.12.26"]
[Round "2.38"]
[White "Vallejo Pons, Francisco"]
[Black "Vokhidov, Shamsiddin"]
[Result "1/2-1/2"]
[WhiteTitle "GM"]
[BlackTitle "GM"]
[WhiteElo "2716"]
[BlackElo "2579"]
[WhiteFideId "2205530"]
[BlackFideId "14204223"]
[EventDate "2022.12.26"]

1. e4 e5 2. Nf3 Nc6 3. Bb5 Nge7 4. Nc3 Ng6 5. d4 exd4 6. Nxd4 Nxd4 7. Qxd4 c6 8.
Be2 Qb6 9. Qe3 Be7 10. a4 O-O 11. O-O Qxe3 12. Bxe3 d6 13. a5 f5 14. f4 fxe4 15.
Nxe4 Bf5 16. Bd3 d5 17. Nf2 Bd6 18. g3 Ne7 19. Rfe1 c5 20. c3 b6 21. Bf1 Bd7 22.
Bg2 Bc6 23. Nd3 Rfe8 24. Bf2 Rad8 25. b4 d4 26. Rxe7 Rxe7 27. Bxc6 dxc3 28. bxc5
Bxc5 29. Nxc5 bxc5 30. Rc1 Rd2 31. Rxc3 Ree2 32. Rf3 c4 33. Bb5 Rc2 34. a6 Red2
35. Bxa7 c3 36. Bc4+ Kh8 37. Be3 Rg2+ 38. Kf1 Rxh2 39. Rf2 Rcxf2+ 40. Bxf2 c2
41. Be3 Rh1+ 42. Ke2 c1=Q 43. Bxc1 Rxc1 44. Kd3 g5 45. fxg5 Kg7 46. Kd4 Kg6 47.
Kc5 Kxg5 48. a7 Ra1 49. Kb6 Rxa7 1/2-1/2

[Event "World Rapid 2022"]
[Site "Almaty KAZ"]
[Date "2022.12.26"]
[Round "2.39"]
[White "Matlakov, Maxim"]
[Black "Sychev, Klementy"]
[Result "1-0"]
[WhiteTitle "GM"]
[BlackTitle "GM"]
[WhiteElo "2662"]
[BlackElo "2556"]
[WhiteFideId "4168003"]
[BlackFideId "4114060"]
[EventDate "2022.12.26"]

1. d4 Nf6 2. c4 e6 3. g3 d5 4. Bg2 dxc4 5. Nf3 c6 6. O-O Nbd7 7. a4 a5 8. Qc2 b5
9. Ne5 Nxe5 10. dxe5 Nd5 11. axb5 cxb5 12. Nc3 Qb6 13. Nxd5 exd5 14. Bxd5 Ra7
15. Qe4 Bc5 16. Bc6+ Bd7 17. Bxd7+ Rxd7 18. Qg4 Rg8 19. Bg5 a4 20. Rfd1 Qc6 21.
e3 Be7 22. Bxe7 Kxe7 23. Qg5+ Ke8 24. Rd6 Rxd6 25. exd6 Qd7 26. Rd1 f5 27. Rd5
g6 28. Qf6 1-0

[Event "World Rapid 2022"]
[Site "Almaty KAZ"]
[Date "2022.12.26"]
[Round "2.40"]
[White "Cheparinov, Ivan"]
[Black "Yoo, Christopher Woojin"]
[Result "1-0"]
[WhiteTitle "GM"]
[BlackTitle "GM"]
[WhiteElo "2688"]
[BlackElo "2575"]
[WhiteFideId "2905540"]
[BlackFideId "30909694"]
[EventDate "2022.12.26"]

1. d4 Nf6 2. c4 g6 3. Nc3 Bg7 4. e4 O-O 5. Nf3 d6 6. Be2 e5 7. O-O h6 8. Re1
Nbd7 9. Qc2 Re8 10. d5 a5 11. Be3 Nc5 12. g3 Bd7 13. Nh4 Ng4 14. Bd2 c6 15. f3
Nf6 16. Be3 cxd5 17. cxd5 Rc8 18. Qd2 Nh5 19. Ng2 Kh7 20. Nb5 Bxb5 21. Bxb5 Re7
22. Rac1 Rec7 23. Rc4 a4 24. Rec1 a3 25. b4 Na6 26. R1c3 Nf6 27. Bxa6 bxa6 28.
Rxc7 Rxc7 29. Bb6 Rxc3 30. Bxd8 Rxf3 31. Bxf6 Bxf6 32. Ne1 1-0

[Event "World Rapid 2022"]
[Site "Almaty KAZ"]
[Date "2022.12.26"]
[Round "2.41"]
[White "Harikrishna, Pentala"]
[Black "Svane, Frederik"]
[Result "1-0"]
[WhiteTitle "GM"]
[BlackTitle "GM"]
[WhiteElo "2705"]
[BlackElo "2568"]
[WhiteFideId "5007003"]
[BlackFideId "12923044"]
[EventDate "2022.12.26"]

1. Nf3 d5 2. g3 e6 3. Bg2 c5 4. O-O Nf6 5. c4 d4 6. d3 Nc6 7. e3 Bd6 8. exd4
cxd4 9. Re1 O-O 10. Na3 e5 11. c5 Bxc5 12. Nxe5 Nxe5 13. Rxe5 Bd6 14. Re1 Bf5
15. Nc4 Bb4 16. Re5 Re8 17. Bf4 Rxe5 18. Bxe5 Qd7 19. Qb3 Bf8 20. Qxb7 Qxb7 21.
Bxb7 Rd8 22. Bxf6 gxf6 23. Be4 Be6 24. Na5 Rb8 25. b3 Rc8 26. Nc4 Bb4 27. Kg2
Kg7 28. Rc1 f5 29. Bf3 Kf6 30. Rc2 h6 31. Re2 a5 32. Rb2 Rc7 33. Rb1 Bc3 34. a3
Rc8 35. Be2 Rb8 36. f4 Bxc4 37. dxc4 Re8 38. Kf2 Rb8 39. Bd3 Ke6 40. Ke2 Kd6 41.
Bxf5 Kc5 42. Kf2 a4 43. bxa4 Ra8 44. Bd3 Rxa4 45. Rb5+ Kd6 46. Rb6+ Ke7 47. Rxh6
Rxa3 48. Rh5 Bd2 49. Ke2 Be3 50. Re5+ Kf6 51. h4 Ra1 52. c5 Rc1 53. h5 Kg7 54.
Rg5+ Kh6 55. Rf5 Kg7 56. g4 Rg1 57. g5 Rg3 58. c6 Bc1 59. h6+ Kf8 60. c7 1-0

[Event "World Rapid 2022"]
[Site "Almaty KAZ"]
[Date "2022.12.26"]
[Round "2.42"]
[White "Gelfand, Boris"]
[Black "Le, Tuan Minh"]
[Result "0-1"]
[WhiteTitle "GM"]
[BlackTitle "GM"]
[WhiteElo "2667"]
[BlackElo "2542"]
[WhiteFideId "2805677"]
[BlackFideId "12401153"]
[EventDate "2022.12.26"]

1. d4 d5 2. Nf3 Nf6 3. c4 c6 4. e3 Bf5 5. Nc3 e6 6. Nh4 Be4 7. f3 Bg6 8. Qb3 Qc7
9. Bd2 Be7 10. O-O-O dxc4 11. Qxc4 a6 12. Nxg6 hxg6 13. Kb1 b5 14. Qe2 c5 15. g4
b4 16. Ne4 Nbd7 17. Nxf6+ Nxf6 18. Rc1 Qb6 19. dxc5 Bxc5 20. e4 O-O 21. h4 Rfd8
22. Bf4 b3 23. h5 bxa2+ 24. Ka1 g5 25. Bxg5 Bd4 26. e5 Rd5 27. exf6 Rxg5 28.
fxg7 Rb8 29. Rh2 Bxg7 30. h6 Bf6 31. f4 Rb5 32. Rc2 Qd4 33. Qd2 Qg1 34. Qf2 Rxb2
35. Rxb2 Rxb2 0-1

[Event "World Rapid 2022"]
[Site "Almaty KAZ"]
[Date "2022.12.26"]
[Round "2.43"]
[White "Hambleton, Aman"]
[Black "Svane, Rasmus"]
[Result "0-1"]
[WhiteTitle "GM"]
[BlackTitle "GM"]
[WhiteElo "2437"]
[BlackElo "2622"]
[WhiteFideId "2606577"]
[BlackFideId "4657101"]
[EventDate "2022.12.26"]

1. d4 Nf6 2. Bf4 d5 3. e3 e6 4. Nf3 Bd6 5. Nbd2 O-O 6. Bd3 c5 7. c3 Bxf4 8. exf4
Qd6 9. g3 cxd4 10. cxd4 Nc6 11. a3 Bd7 12. O-O Rfc8 13. Qe2 Qc7 14. Rad1 Ne7 15.
Ne5 Ba4 16. Rb1 Nf5 17. Ndf3 Bc2 18. Bxc2 Qxc2 19. Rfe1 Ne4 20. Rbd1 Rc7 21. Nd3
Rac8 22. Nb4 Qb3 23. Rd3 Qa4 24. Qd1 Qb5 25. Rb3 Rc2 26. Nxc2 Qxb3 27. Ne3 Qxb2
28. Re2 Nxe3 29. fxe3 Qxa3 30. Kg2 Rc1 0-1

[Event "World Rapid 2022"]
[Site "Almaty KAZ"]
[Date "2022.12.26"]
[Round "2.44"]
[White "Lazavik, Denis"]
[Black "Sargissian, Gabriel"]
[Result "1-0"]
[WhiteTitle "GM"]
[BlackTitle "GM"]
[WhiteElo "2537"]
[BlackElo "2699"]
[WhiteFideId "13515110"]
[BlackFideId "13300881"]
[EventDate "2022.12.26"]

1. d4 Nf6 2. c4 e6 3. Nf3 d5 4. Nc3 Be7 5. Bf4 O-O 6. e3 Nbd7 7. c5 c6 8. Bd3 b6
9. b4 a5 10. a3 Ba6 11. O-O Qc8 12. h3 Qb7 13. Qc2 Bxd3 14. Qxd3 axb4 15. axb4
Rxa1 16. Rxa1 Ra8 17. Qd1 h6 18. Rxa8+ Qxa8 19. Qa4 Qxa4 20. Nxa4 bxc5 21. dxc5
Ne4 22. Nd4 e5 23. Nxc6 Bxc5 24. Nxc5 Nexc5 25. Nxe5 Nxe5 26. Bxe5 Nd7 27. Bd4
f6 28. Kf1 Kf7 29. Ke2 Ke6 30. Kd3 Kd6 31. b5 Nf8 32. Kc3 Ne6 33. Kb4 Kc7 34.
Ka5 Kb7 35. b6 h5 36. Kb5 f5 37. f4 g6 38. h4 1-0

[Event "World Rapid 2022"]
[Site "Almaty KAZ"]
[Date "2022.12.26"]
[Round "2.45"]
[White "Pranav, V"]
[Black "Andreikin, Dmitry"]
[Result "0-1"]
[WhiteTitle "GM"]
[BlackTitle "GM"]
[WhiteElo "2545"]
[BlackElo "2729"]
[WhiteFideId "25060783"]
[BlackFideId "4158814"]
[EventDate "2022.12.26"]

1. e4 c5 2. Nf3 e6 3. d4 cxd4 4. Nxd4 Nc6 5. Nc3 a6 6. Be2 Qc7 7. O-O Nf6 8. Be3
Be7 9. a4 O-O 10. f4 d6 11. Kh1 Nxd4 12. Qxd4 e5 13. Qd3 exf4 14. Bxf4 Be6 15.
Rad1 Qb6 16. Qg3 Rfd8 17. Be3 Qa5 18. Bd4 Kh8 19. Qe3 Re8 20. h3 Rac8 21. Bd3
Nd7 22. Qg3 Ne5 23. Nd5 Qxa4 24. Bxe5 dxe5 25. Nb6 Qb4 26. Nxc8 Rxc8 27. Qxe5
Bd6 28. Qh5 g6 29. Qg5 Qxb2 30. Rb1 Qc3 31. Rxb7 a5 32. Rb6 Qd4 33. Ra6 a4 34.
e5 Bxe5 35. Qe7 Bd5 36. Rxa4 Qc3 37. Ra3 Qd4 38. Ra4 Qc3 39. Qa3 Qc6 40. Rf2 Rb8
41. Rb4 Ra8 42. Ra4 Qxa4 0-1

[Event "World Rapid 2022"]
[Site "Almaty KAZ"]
[Date "2022.12.26"]
[Round "2.46"]
[White "Hovhannisyan, Robert"]
[Black "Yudin, Sergei"]
[Result "0-1"]
[WhiteTitle "GM"]
[BlackTitle "GM"]
[WhiteElo "2597"]
[BlackElo "2469"]
[WhiteFideId "13302507"]
[BlackFideId "4159659"]
[EventDate "2022.12.26"]

1. e4 d6 2. d4 Nf6 3. Nc3 e5 4. dxe5 dxe5 5. Qxd8+ Kxd8 6. Bc4 Ke8 7. Bd2 c6 8.
f4 exf4 9. e5 Nfd7 10. Bxf4 Nb6 11. Bb3 Na6 12. Ne4 Nc5 13. Nxc5 Bxc5 14. Nf3 h6
15. O-O-O Be6 16. Nd2 Bxb3 17. Nxb3 Be7 18. Na5 Nd5 19. Bg3 Bd8 20. Nxb7 Bg5+
21. Kb1 Nc3+ 22. bxc3 Rb8 23. Ka1 Rxb7 24. Rb1 Rd7 25. Rb8+ Rd8 26. Rb7 Bd2 27.
Kb2 a5 28. Kb3 Bg5 29. Bf2 Rd7 30. Rb8+ Rd8 31. Rxd8+ Bxd8 32. Kc4 Bc7 33. Kc5
Bxe5 34. Bd4 f6 35. Kxc6 Ke7 36. Bxe5 fxe5 37. c4 Ke6 38. Kc7 Rf8 39. c5 Kd5 40.
c6 Rf6 41. Kb7 Rxc6 42. Rd1+ Kc5 43. Rd3 Re6 44. c3 e4 45. Re3 a4 46. Kc7 a3 47.
Kd7 Re5 48. h4 h5 49. Kc7 Kd5 50. Kb6 Rf5 51. Kb5 Rf2 52. Kb4 Rxa2 53. g3 Rf2
54. Re1 a2 55. Kb3 e3 56. c4+ Kd4 57. Rc1 e2 58. c5 Rf1 0-1

[Event "World Rapid 2022"]
[Site "Almaty KAZ"]
[Date "2022.12.26"]
[Round "2.47"]
[White "Andriasian, Zaven"]
[Black "Burmakin, Vladimir"]
[Result "1/2-1/2"]
[WhiteTitle "GM"]
[BlackTitle "GM"]
[WhiteElo "2580"]
[BlackElo "2498"]
[WhiteFideId "13302000"]
[BlackFideId "4105109"]
[EventDate "2022.12.26"]

1. e4 c6 2. d4 d5 3. e5 Bf5 4. h4 h5 5. Bd3 Bxd3 6. Qxd3 Qa5+ 7. Nd2 e6 8. Nf3
Nh6 9. O-O Nf5 10. c4 Be7 11. g3 Nd7 12. Rd1 Rd8 13. b3 dxc4 14. Nxc4 Qd5 15.
Qe2 O-O 16. Bg5 f6 17. exf6 gxf6 18. Bf4 Rf7 19. Re1 Nf8 20. Rad1 Rg7 21. Ne3
Nxe3 22. Bxe3 Rg6 23. Bc1 Qf5 24. Nh2 Bb4 25. Bd2 Bd6 26. Nf1 Qg4 27. Qd3 Kf7
28. Ba5 Rd7 29. Kg2 Rg7 30. Re4 Qf5 31. Bd2 Ng6 32. Bh6 Rh7 33. Bc1 Rg7 34. Bh6
Rh7 35. Bc1 Rg7 36. Bh6 Rh7 37. Bc1 1/2-1/2

[Event "World Rapid 2022"]
[Site "Almaty KAZ"]
[Date "2022.12.26"]
[Round "2.48"]
[White "Dragnev, Valentin"]
[Black "Petrosian, Tigran L."]
[Result "1/2-1/2"]
[WhiteTitle "GM"]
[BlackTitle "GM"]
[WhiteElo "2556"]
[BlackElo "2551"]
[WhiteFideId "1634852"]
[BlackFideId "13301616"]
[EventDate "2022.12.26"]

1. e4 g6 2. d4 Bg7 3. Nf3 d6 4. Be3 Nf6 5. Nc3 c6 6. h3 O-O 7. a4 Nbd7 8. Be2 e5
9. dxe5 dxe5 10. Qd6 Re8 11. Bc4 Bf8 12. Qd3 Qc7 13. Ng5 Re7 14. Ba2 h6 15. Nf3
Nh5 16. O-O-O Ndf6 17. g4 Ng7 18. Bxh6 Be6 19. Bg5 Rd7 20. Qe3 Nh7 21. Rxd7 Qxd7
22. Nxe5 Qe8 23. Bf4 Bxa2 24. Nxa2 Ne6 25. Bg3 Bc5 26. Qb3 b5 27. Kb1 Rd8 28.
axb5 cxb5 29. Nf3 Nhg5 30. Nxg5 Nxg5 31. f3 Ne6 32. Be5 a5 33. Nc3 Bd4 34. Bg3
b4 35. Nd5 Bg7 36. h4 Rc8 37. Qe3 a4 38. e5 b3 39. c3 a3 40. bxa3 Ra8 41. Kb2
Qa4 42. Ra1 Bf8 43. Nb6 Bxa3+ 44. Kb1 Qa7 45. Nd5 Qa6 46. Be1 Rd8 47. Qe4 Nc5
48. Qd4 Qe2 49. Qd2 Qxd2 50. Nf6+ Kg7 51. Bxd2 Rxd2 52. Rxa3 Rd1+ 53. Kb2 Rd2+
54. Kb1 Rd1+ 55. Kb2 Rd2+ 56. Kb1 Rd1+ 57. Kb2 Rd2+ 58. Kb1 Rd1+ 1/2-1/2

[Event "World Rapid 2022"]
[Site "Almaty KAZ"]
[Date "2022.12.26"]
[Round "2.49"]
[White "Narayanan, S.L."]
[Black "Batsuren, Dambasuren"]
[Result "1/2-1/2"]
[WhiteTitle "GM"]
[BlackTitle "GM"]
[WhiteElo "2669"]
[BlackElo "2525"]
[WhiteFideId "5058422"]
[BlackFideId "4902920"]
[EventDate "2022.12.26"]

1. d4 Nf6 2. c4 e6 3. Nf3 d5 4. Nc3 Bb4 5. Qa4+ Nc6 6. Bd2 O-O 7. a3 Be7 8. e3
Re8 9. Qc2 Bf8 10. cxd5 exd5 11. Bd3 Bg4 12. O-O Bd6 13. Kh1 a6 14. Ng1 Bh5 15.
f4 h6 16. h3 Ne7 17. f5 c6 18. Be1 Bc7 19. g4 Bxg4 20. hxg4 Nxg4 21. Qe2 Qd6 22.
e4 dxe4 23. Nxe4 Qh2+ 24. Qxh2 Nxh2 25. Rf2 Ng4 26. Rg2 h5 27. f6 Nd5 28. fxg7
Nf4 29. Bb1 Nxg2 30. Kxg2 Rad8 31. Bc3 Kxg7 32. Nf3 Ne3+ 33. Kf2 Nd1+ 34. Kf1 f5
35. Nc5 Ne3+ 36. Kf2 Nd1+ 37. Kg1 Nxc3 38. bxc3 Re3 39. Kf2 Rde8 40. Bxf5 h4 41.
Ra2 Bg3+ 42. Kg2 Re2+ 43. Rxe2 Rxe2+ 44. Kh3 Re3 45. Kg4 Rxc3 46. Nxb7 Rxa3 47.
Be4 Rc3 48. Nxh4 Bxh4 49. Kxh4 Kf6 50. Kg4 Rc4 51. Kf3 Rxd4 52. Bxc6 Ke5 1/2-1/2